La guida del Prado / (Record no. 196975)

MARC details
000 -LEADER
campo de control de longitud fija 01642nam a2200433 i 4500
001 - NÚMERO DE CONTROL
campo de control 196975
003 - IDENTIFICADOR DE NÚMERO DE CONTROL
campo de control ES-MaACL
005 - FECHA Y HORA DE LA ÚLTIMA TRANSACCIÓN
campo de control 20250819063115.0
008 - DATOS DE LONGITUD FIJA--INFORMACIÓN GENERAL
campo de control de longitud fija 250128s2019 sp a | ||||o001 0 ita
015 ## - NÚMERO DE BIBLIOGRAFÍA NACIONAL
Número de bibliografía nacional MON19
017 ## - NÚMERO DE COPYRIGHT O DE DEPÓSITO LEGAL
Número de copyright o de depósito legal M 21688-2019
Agencia que asigna Oficina Depósito Legal Madrid
020 ## - NÚMERO INTERNACIONAL ESTÁNDAR DEL LIBRO
Número Internacional Estándar del Libro 9788484803492
024 7# - IDENTIFICADOR DE OTROS ESTÁNDARES
Número estándar o código 829-19-032-1
Fuente del número o código nipo
035 ## - NÚMERO DE CONTROL DEL SISTEMA
Número de control de sistema (OCoLC)1126418341
035 ## - NÚMERO DE CONTROL DEL SISTEMA
Número de control de sistema (SpMaBN)a6592290
040 ## - FUENTE DE CATALOGACIÓN
Centro catalogador/agencia de origen SpMaBN
Lengua de catalogación spa
Centro/agencia transcriptor SpMaBN
Normas de descripción rda
080 ## - NÚMERO DE LA CLASIFICACIÓN DECIMAL UNIVERSAL
Número de la Clasificación Decimal Universal 75:069(460.271)(036)
110 2# - ENTRADA PRINCIPAL--NOMBRE DE ENTIDAD CORPORATIVA
Nombre de entidad corporativa o nombre de jurisdicción como elemento de entrada Museo Nacional del Prado
9 (RLIN) 160001
Término indicativo de función/relación Editor literario
240 13 - TÍTULO UNIFORME
Título uniforme La guía del Prado
Lenguaje de la obra Italiano
245 13 - MENCIÓN DEL TÍTULO
Título La guida del Prado /
Mención de responsabilidad, etc. autori, Alberto Pancorbo [y otros seis] ; traduzione, Massimo Mattera.
250 ## - MENCION DE EDICION
Mención de edición Sexta edición revisada 2019
264 #1 - PRODUCCIÓN, PUBLICACIÓN, DISTRIBUCIÓN, FABRICACIÓN Y COPYRIGHT
Producción, publicación, distribución, fabricación y copyright [Madrid] :
Nombre del de productor, editor, distribuidor, fabricante Museo Nacional del Prado,
Fecha de producción, publicación, distribución, fabricación o copyright [2019].
300 ## - DESCRIPCIÓN FÍSICA
Extensión 478 páginas :
Otras características físicas ilustraciones (color) ;
Dimensiones 24 cm.
336 ## - TIPO DE CONTENIDO
Término de tipo de contenido Texto
-- Imagen fija
Fuente rdacontent
337 ## - TIPO DE MEDIO
Nombre/término del tipo de medio sin mediación
Fuente rdamedia
338 ## - TIPO DE SOPORTE
Nombre/término del tipo de soporte volumen
Fuente rdacarrier
500 ## - NOTA GENERAL
Nota general Índice
610 27 - PUNTO DE ACCESO ADICIONAL DE MATERIA--NOMBRE DE ENTIDAD CORPORATIVA
Nombre de entidad corporativa o nombre de jurisdicción como elemento de entrada Museo Nacional del Prado-
Subdivisión de forma Guías turísticas
9 (RLIN) 166678
655 #7 - TERMINO DE INDIZACIÓN--GENERO/FORMA
Datos o término principal de género/forma Guías turísticas
Fuente del término tgfbne
9 (RLIN) 226848
700 1# - ENTRADA AGREGADA--NOMBRE PERSONAL
Nombre de persona Pancorbo, Alberto,
Fechas asociadas al nombre 1956-
9 (RLIN) 239709
Término indicativo de función/relación Autor
700 1# - ENTRADA AGREGADA--NOMBRE PERSONAL
Nombre de persona Mattera, Massimo
Término indicativo de función/relación Traductor
9 (RLIN) 241818
852 ## - LOCALIZACIÓN
Ubicación ES-MaACL
Ubicación en estantería Depósito J
Número de control de estantería N-10445
Donativo/Legado Donación: José Lázaro García
Encuadernación Encuadernación rústica
itemnumber 206568
903 ## - NOMBRE PERSONAL DE DONANTE
9 234219
a Lázaro García, José
e Donante
942 ## - ELEMENTOS DE ENTRADA SECUNDARIOS (KOHA)
Tipo de ítem Koha Libro impreso
Suprimir en OPAC No
Holdings
Estatus retirado Estado de pérdida Fuente del sistema de clasificación o colocación Estado de daño No para préstamo Biblioteca de origen Biblioteca actual Ubicación en estantería Fecha de adquisición Fuente de adquisición Total de préstamos Signatura topográfica completa Código de barras Visto por última vez Precio de reemplazo Tipo de ítem Koha
    Clasificación decimal universal     Biblioteca del Ateneo de Madrid Biblioteca del Ateneo de Madrid Depósito J 17/08/2025 Donación   N-10445 2025-0945 17/08/2025 17/08/2025 Libro impreso